Dry Bulk Commodities (Role and Significance in Emerging Economies) Noida / (Record no. 2547)

000 -LEADER
fixed length control field 00835nam a2200241 a 4500
008 - FIXED-LENGTH DATA ELEMENTS--GENERAL INFORMATION
fixed length control field 200609s2019 ii a|||| m|||a00| 0 eng d
040 ## - CATALOGING SOURCE
Original cataloging agency IMU Kochi Library
Language of cataloging eng
041 0# - LANGUAGE CODE
Language code of text/sound track or separate title eng
044 ## - COUNTRY OF PUBLISHING/PRODUCING ENTITY CODE
MARC country code ii
082 04 - DEWEY DECIMAL CLASSIFICATION NUMBER
Edition number 23
Classification number 378.242
Item number IRM1847
100 1# - MAIN ENTRY--PERSONAL NAME
Researcher Singh, Varisth Partap
Relator term Researcher
245 10 - TITLE STATEMENT
Title Dry Bulk Commodities (Role and Significance in Emerging Economies) Noida /
260 ## - PUBLICATION, DISTRIBUTION, ETC. (IMPRINT)
Place of publication, distribution, etc Kochi :
Name of publisher, distributor, etc Indian Maritime University,
Date of publication, distribution, etc 2019
300 ## - PHYSICAL DESCRIPTION
Extent 40p. :
Other physical details ill. ;
Dimensions 29 cm.
490 0# - SERIES STATEMENT
Series statement MBA Internship 2018-2020 ;
Volume number/sequential designation 1805304017
502 ## - DISSERTATION NOTE
Dissertation note Internship (MBA)–Indian Maritime University. School of Maritime Management, 2019.
650 #0 - SUBJECT ADDED ENTRY--TOPICAL TERM
Topical term or geographic name as entry element Bulk solids flow
655 #7 - INDEX TERM--GENRE/FORM
Source of term lcsh
Genre/form data or focus term Dissertations, Academic
Chronological subdivision 2019
700 1# - ADDED ENTRY--PERSONAL NAME
Guide(s) P. A., Jayan
Titles and other words associated with a name Dr.
Relator term Guide
852 ## - LOCATION/CALL NUMBER
Location IMU Kochi Library
904 ## - LOCAL DATA ELEMENT D, LDD (RLIN)
CATALOGER Reshma Rajesh
942 ## - ADDED ENTRY ELEMENTS (KOHA)
Item type Thesis
Holdings
Withdrawn status Lost status Source of classification or shelving scheme Damaged status Not for loan Collection code Permanent location Current location Shelving location Date acquired Full call number Barcode Date last seen Koha item type
          Internship Report MBA IMU Kochi Library IMU Kochi Library Reference 2019-06-08 378.242 IRM1847 TH0451 2020-06-09 Thesis


Copyright © All Rights Reserved by Indian Maritime University, Kochi Campus.
For any Suggestions/Query Contact to library or Email: library.kochi@imu.ac.in Ph:(0484)-2989402
(Web OPAC Designed by Rudra Ranjan. Maintained by IMU Kochi Library)

Powered by Koha